000 00654nam a2200193 i 4500
001 160713
003 ES-MaACL
005 20251005063125.0
008 931025s1865 sp |||| | spa d
040 _aAS
_bspa
_cPAB
100 1 _aNocedal, Cándido,
_d1821-1885
_9130505
245 1 0 _aVida de Jovellanos /
_cpor Cándido Nocedal.
260 _aMadrid :
_b[s.n.],
_c1865 (
_fImprenta y estereotipia de M. Rivadeneyra)
300 _a265, [3] p. ;
_c18 cm.
596 _aMarca tip. en port.
600 1 4 _aJovellanos, Gaspar Melchor de,
_d1744-1811-
_xBiografías
_967053
852 _aES-MaACL
_jF-399
_z-- Enc. hol.
999 _c160713
_d160713